MARC

LEADER 00000nam0a2200000 4500
001 234088
005 20231101231308.0
035 |a (RuTPU)RU\TPU\book\255177 
090 |a 234088 
100 |a 20130316d1975 km y0rusy50 ca 
101 1 |a rus  |c eng 
102 |a RU 
105 |a a z 001zy 
200 1 |a Композиционные материалы в конструкции летательных аппаратов  |e пер. с англ.  |f под ред. А. Л. Абибова 
210 |a Москва  |c Машиностроение  |d 1975 
215 |a 266 с.  |c ил. 
320 |a Библиография в конце глав. 
606 1 |a Авиационные материалы  |2 stltpush  |3 (RuTPU)RU\TPU\subj\447  |9 29371 
610 1 |a летательные аппараты 
610 1 |a конструкции 
610 1 |a композиционные материалы 
610 1 |a проектирование 
610 1 |a изготовление 
610 1 |a самолеты 
610 1 |a ракеты 
610 1 |a космические корабли 
610 1 |a технология 
610 1 |a свойства 
675 |a 629.73.002.3  |v 3 
702 1 |a Абибов  |b А. Л.  |g Ашот Леонович  |4 340 
801 1 |a RU  |b 63413507  |c 20130316 
801 2 |a RU  |b 63413507  |c 20170119  |g RCR 
942 |c BK